Регионална библиотека "Любен Каравелов" - Русе

Готови да щурмуват небето (Запис номер 461103)

MARC детайли
000 -Лидер
Контролно поле с фиксирана дължина nam a22 a 4500
003 - Код на организацията, давaща контролен номер
Контролно поле BLK
005 - Дата и час на последна редакция
Контролно поле 20220614145446.0
008 - Елементи от данни с фиксирана дължина
fixed length control field 180409b bul|||||r ||||||| ||bul||
040 ## - Източник на каталожния запис
Идентификатор на билиотеката - собственик на записа BLK
041 ## - Код за език
Код за езика на текст/звукозапис или на отделно заглавие Български
Код за езика КДБФ Български
080 ## - УДК
Текстов определител УДК Руска литература
УДК код - определител по УДК 821.161.1
УДК определител -31
УДК - код + определител 821.161.1-31
100 ## - Редна дума - Автор
Автор Громова, Тамара
Авторска отговорност първи автор
R(LIN) 476232
139 ## - Редно поле
Редна дума Громова, Тамара
245 10 - Сведения за заглавието
Заглавие Готови да щурмуват небето
Подзаглавни данни Попул. очерци от историята на Комсомола
Редно поле (дума) Тамара Громова; прев. от рус. Елка Хаджиева.
260 ## - Област на издателските данни
Име на издателя, разпространителя и проч. Нар. младеж
Година на издаване 1968
Място на издаване, разпространение и проч. София
300 ## - Физическа характеристика
Страници 212 с.
Размери/Мащаб 22 см
380 ## - Жанр
Жанр Худож. лит.
700 1# - Други автори (авторска отговорност)
Лично име Хаджиева, Елка
Автороска отговорност (Описва отношението между автора и произведението) прев. от рус.
9 (RLIN) 367886
852 ## - Местоположение
Форматна сигнатура Цб 45772
Фондова буква Хранилище
999 ## - СИСТЕМНИ КОНТРОЛНИ НОМЕРА
Koha biblionumber 461103
Koha biblioitemnumber 461103
942 ## - АРТИКУЛИ
Вид на библиотечния материал Книги
Скрит в OPAC Не
Периодичен библиозапис Да
944 ## - СЪЗДАВАНЕ И РЕДАКЦИЯ на ЗАПИСА
Създаване/Редакция Създаване
Дата на регистрацията/редакция 2022-06-14
Статус, дата на статуса 2022-06-14
Служител, извършил регистрацията/редакцията вр
Наличности
Код за отписване Код за изгубен артикул Източник на класификационната схема Код за повреда Коз за рестрикции Код за отдаване Артикулен № Име на библиотеката - собственик Име на библиотеката, в която се намира в момента Статус (Текущо местоположение) Дата на вписване в системата Местоположение - отдел Цена в лева Инвентарен номер Систематично азбучна сигнатура Баркод Цена в евро Служебен тип на артикула
  Не е изгубен Universal Decimal Classification Не е повреден само за читалня ползва се в читалня 890610 Регионална библиотека "Любен Каравелов" Русе Регионална библиотека "Любен Каравелов" Русе Хранилище 2022-06-20 Хранилище 0.51 17504/68 Цб 45772 900000101644 0.26 Книги
Vip Innovations Ltd, Rousse, Bulgaria 2025